<?xml version="1.0" encoding="UTF-8"?>
<record
    xmlns:xsi="http://www.w3.org/2001/XMLSchema-instance"
    xsi:schemaLocation="http://www.loc.gov/MARC21/slim http://www.loc.gov/standards/marcxml/schema/MARC21slim.xsd"
    xmlns="http://www.loc.gov/MARC21/slim">

  <leader>02110cam a2200373 i 4500</leader>
  <datafield tag="952" ind1=" " ind2=" ">
    <subfield code="0">0</subfield>
    <subfield code="1">0</subfield>
    <subfield code="2">ddc</subfield>
    <subfield code="4">0</subfield>
    <subfield code="7">0</subfield>
    <subfield code="8">GEN</subfield>
    <subfield code="a">FUSBC</subfield>
    <subfield code="b">FUSBC</subfield>
    <subfield code="d">2018-10-19</subfield>
    <subfield code="l">1</subfield>
    <subfield code="o">G 226.406 A259i</subfield>
    <subfield code="p">22949</subfield>
    <subfield code="r">2023-10-18 00:00:00</subfield>
    <subfield code="s">2021-02-26</subfield>
    <subfield code="t">Ej. 1</subfield>
    <subfield code="w">2018-10-19</subfield>
    <subfield code="y">BK</subfield>
    <subfield code="I">INV2023</subfield>
  </datafield>
  <datafield tag="999" ind1=" " ind2=" ">
    <subfield code="c">64638</subfield>
    <subfield code="d">64638</subfield>
  </datafield>
  <controlfield tag="001">17924958</controlfield>
  <controlfield tag="003">CO-MdFUSB</controlfield>
  <controlfield tag="005">20181022122349.0</controlfield>
  <controlfield tag="008">131031t2014    nju    g b    001 0 eng  </controlfield>
  <datafield tag="010" ind1=" " ind2=" ">
    <subfield code="a">  2013033942</subfield>
  </datafield>
  <datafield tag="020" ind1=" " ind2=" ">
    <subfield code="a">9781596382169 (pbk.)</subfield>
  </datafield>
  <datafield tag="040" ind1=" " ind2=" ">
    <subfield code="a">DLC</subfield>
    <subfield code="b">spa</subfield>
    <subfield code="c">CO-MdFUSB</subfield>
    <subfield code="e">rda</subfield>
    <subfield code="d">CO-MdFUSB</subfield>
  </datafield>
  <datafield tag="041" ind1=" " ind2=" ">
    <subfield code="a">eng</subfield>
  </datafield>
  <datafield tag="042" ind1=" " ind2=" ">
    <subfield code="a">pcc</subfield>
  </datafield>
  <datafield tag="082" ind1="0" ind2="0">
    <subfield code="2">24</subfield>
    <subfield code="a">G 226.406</subfield>
    <subfield code="b">A259i</subfield>
  </datafield>
  <datafield tag="100" ind1="1" ind2=" ">
    <subfield code="a">Agan, Jimmy.</subfield>
    <subfield code="e">autor</subfield>
  </datafield>
  <datafield tag="245" ind1="1" ind2="4">
    <subfield code="a">The imitation of Christ in the gospel of Luke </subfield>
    <subfield code="b">: Growing in Christlike love for God and neighbor </subfield>
    <subfield code="c">/ C.D. Jimmy Agan III.</subfield>
  </datafield>
  <datafield tag="264" ind1=" " ind2="1">
    <subfield code="a">Phillipsburg, New Jersey :</subfield>
    <subfield code="b">P&amp;R Pub.,</subfield>
    <subfield code="c">&#x2117;2014.</subfield>
  </datafield>
  <datafield tag="264" ind1=" " ind2="4">
    <subfield code="c">&#xA9;2014</subfield>
  </datafield>
  <datafield tag="300" ind1=" " ind2=" ">
    <subfield code="a">xiii, 245 p&#xE1;ginas ;</subfield>
    <subfield code="c">22 cm</subfield>
  </datafield>
  <datafield tag="336" ind1=" " ind2=" ">
    <subfield code="2">rdacontent</subfield>
    <subfield code="a">texto</subfield>
    <subfield code="b">txt</subfield>
  </datafield>
  <datafield tag="337" ind1=" " ind2=" ">
    <subfield code="2">rdamedia</subfield>
    <subfield code="a">sin mediaci&#xF3;n</subfield>
    <subfield code="b">n</subfield>
  </datafield>
  <datafield tag="338" ind1=" " ind2=" ">
    <subfield code="2">rdacarrier</subfield>
    <subfield code="a">volumen</subfield>
    <subfield code="b">nc</subfield>
  </datafield>
  <datafield tag="501" ind1=" " ind2=" ">
    <subfield code="a">Incluye &#xED;ndices (p&#xE1;ginas 229- 245) </subfield>
  </datafield>
  <datafield tag="504" ind1=" " ind2=" ">
    <subfield code="a">Bibliograf&#xED;a (p&#xE1;ginas 225- 228) </subfield>
  </datafield>
  <datafield tag="505" ind1=" " ind2=" ">
    <subfield code="a">Por qu&#xE9; no deber&#xED;a leer este libro: Argumentos en contra de la imitaci&#xF3;n de Cristo -- Por qu&#xE9; deber&#xED;a leer este libro: Argumentos sobre la imitaci&#xF3;n de Cristo -- C&#xF3;mo orientarse, Parte I: Jes&#xFA;s como hijo de Dios y Segundo Ad&#xE1;n en Lucas -- C&#xF3;mo obtener ayuda orientado, Parte II: Fundamentos para estudiar la imitaci&#xF3;n en Lucas -- La pasi&#xF3;n de Jes&#xFA;s por la gloria de Dios -- Imitar la pasi&#xF3;n de Jes&#xFA;s por la gloria de Dios -- La pasi&#xF3;n de Jes&#xFA;s por el bien de los dem&#xE1;s - Imitar la pasi&#xF3;n de Jes&#xFA;s por el bien de los dem&#xE1;s -- La voluntad de Jes&#xFA;s de negarse a si mismo -- Imitando la voluntad de Jes&#xFA;s de negarse a si mismo -- La paciencia de Jes&#xFA;s en las dificultades --La imitaci&#xF3;n de la paciencia de Jes&#xFA;s en las dificultades -- Combustible y fuego: c&#xF3;mo las personas reales crecen como imitadores de Cristo -- Quiero ser como Jes&#xFA;s: &#xBF;Y ahora qu&#xE9;?</subfield>
  </datafield>
  <datafield tag="630" ind1="0" ind2="7">
    <subfield code="a">Biblia.</subfield>
    <subfield code="v">Lucas</subfield>
  </datafield>
  <datafield tag="650" ind1=" " ind2="0">
    <subfield code="a">Vida cristiana</subfield>
    <subfield code="9">19</subfield>
  </datafield>
  <datafield tag="906" ind1=" " ind2=" ">
    <subfield code="a">7</subfield>
    <subfield code="b">cbc</subfield>
    <subfield code="c">orignew</subfield>
    <subfield code="d">1</subfield>
    <subfield code="e">ecip</subfield>
    <subfield code="f">20</subfield>
    <subfield code="g">y-gencatlg</subfield>
  </datafield>
  <datafield tag="942" ind1=" " ind2=" ">
    <subfield code="c">BK</subfield>
  </datafield>
</record>
